书目信息 |
| 题名: |
园艺植物种苗生产
|
|
| 作者: | 周建 主编 | |
| 分册: | ||
| 出版信息: | 北京 中国农业出版社 2019 |
|
| 页数: | 262页 | |
| 开本: | 23cm | |
| 丛书名: | ||
| 单 册: | ||
| 中图分类: | S680.4 | |
| 科图分类: | ||
| 主题词: | 园林植物--yuan lin zhi wu--育苗 | |
| 电子资源: | ||
| ISBN: | 978-7-109-25010-9 | |
| 000 | 00957nam0 2200265 450 | |
| 001 | 012001002533 | |
| 005 | 20140101145413.0 | |
| 010 | @a978-7-109-25010-9@dCNY80.00 | |
| 099 | @aCAL 012019132074 | |
| 100 | @a20190808d2019 em y0chiy50 ea | |
| 101 | 0 | @achi |
| 102 | @aCN@b110000 | |
| 105 | @aak a 000yy | |
| 106 | @ar | |
| 200 | 1 | @a园艺植物种苗生产@Ayuan yi zhi wu zhong miao sheng chan@f周建主编 |
| 210 | @a北京@c中国农业出版社@d2019 | |
| 215 | @a262页@c图@d23cm | |
| 300 | @a园艺专业职教师资培养资源开发项目 | |
| 320 | @a有书目 (第262页) | |
| 330 | @a本书分为园艺植物种子生产和园艺植物苗木生产两个能力单元, 园艺植物种子生产分为6个任务 ; 园艺植物苗木生产分为四个能力模块, 21个任务。主要内容包括: 园艺植物种子生产、园艺植物容器育苗、园艺植物设施苗床育苗等。 | |
| 606 | 0 | @a园林植物@Ayuan lin zhi wu@x育苗 |
| 690 | @aS680.4@v5 | |
| 701 | 0 | @a周建@Azhou jian@4主编 |
| 801 | 0 | @aCN@b北京卓展@c20191020 |
| 905 | @b1203782-4@dS680.4@e536@f3 | |
| 园艺植物种苗生产/周建主编.-北京:中国农业出版社,2019 |
| 262页:图;23cm |
| 园艺专业职教师资培养资源开发项目 |
| ISBN 978-7-109-25010-9:CNY80.00 |
| 本书分为园艺植物种子生产和园艺植物苗木生产两个能力单元, 园艺植物种子生产分为6个任务 ; 园艺植物苗木生产分为四个能力模块, 21个任务。主要内容包括: 园艺植物种子生产、园艺植物容器育苗、园艺植物设施苗床育苗等。 |
| ● |
| 相关链接 |
|
|
|
|
正题名:园艺植物种苗生产
索取号:S680.4/536
 
预约/预借
| 序号 | 登录号 | 条形码 | 馆藏地/架位号 | 状态 | 备注 |
| 1 | 1203782 | 212037829 | 第二样本阅览室/ [索取号:S680.4/536] | 在馆 | |
| 2 | 1203783 | 212037838 | 第三借阅区/ [索取号:S680.4/536] | 在馆 | |
| 3 | 1203784 | 212037847 | 第三借阅区/ [索取号:S680.4/536] | 在馆 |